Quiz do Mapa das Capitais da Europa - Statistics

Estatísticas Gerais
  • Esse quiz foi jogado 14 118 vezes
  • A pontuação média é 23 de 44
Respostas no mapa
Respostas codificadas por cores de uma escala verde-vermelha no mapa do quiz de acordo com a % correta abaixo.
 
Estatísticas das Respostas
Resposta % Correto
Lisboa
90%
Madrid
89%
Londres
88%
Paris
85%
Atenas
80%
Dublin
79%
Amesterdão
78%
Roma | Vaticano
78%
Andorra-a-Velha
75%
Berlim
73%
Mônaco
73%
Bruxelas
72%
Luxemburgo
69%
Moscovo
68%
San Marino
68%
Kiev
64%
Reykjavík
61%
Oslo
59%
Copenhaga
55%
Estocolmo
55%
Varsóvia
55%
Helsínquia
54%
Berna
51%
Viena
49%
Praga
47%
Zagreb
46%
Minsk
42%
Budapeste
39%
Sofia
39%
Valeta
38%
Bucareste
37%
Sarajevo
36%
Tirana
36%
Belgrado
33%
Riga
30%
Tallinn
30%
Bratislava
29%
Chișinău
28%
Liubliana
28%
Vaduz
28%
Vilnius
28%
Podgorica
25%
Pristina
25%
Escópia
23%
Nenhum quiz correspondente encontrado
Distribuição das Pontuações
Porcentagem de Pessoas com Cada Pontuação
Percentil de Números Respondidos
Sua Pontuação Histórica
Você não jogou esse quiz